[Event "POL-ch Blitz U18 Girls"]
[Site "Bydgoszcz"]
[Date "2023.08.31"]
[Round "1"]
[White "Kretowicz, Daria"]
[Black "Kawka, Milena"]
[Result "0-1"]
[WhiteElo "1242"]
[BlackElo "1581"]
[PlyCount "44"]
[EventDate "2023.08.28"]
[EventType "swiss"]
[EventRounds "9"]
[EventCountry "POL"]
[SourceTitle "EXT 2024"]
[Source "ChessBase"]
[SourceDate "2023.10.10"]
[SourceVersion "1"]
[SourceVersionDate "2023.10.10"]
[SourceQuality "1"]

1. e4 c5 2. Nf3 Nc6 3. d4 cxd4 4. Nxd4 g6 5. Nc3 Bg7 6. Be3 Nf6 7. f3 0-0 8. Qd2 d5 9. exd5 Nxd5 10. Nxc6 bxc6 11. Bd4 e5 12. Bc5 Re8 13. 0-0-0 Be6 14. Kb1 Nxc3+ 15. bxc3 Qa5 16. c4 Qxc5 17. Bd3 Rab8+ 18. Ka1 e4+ 19. c3 exd3 20. Qxd3 Qa3 21. Rd2 Bxc3+ 22. Rb2 Qxb2# 0-1